Statistiken für Kleinste Länder Asiens

Klicken Sie hier um das Quiz zu spielen!

Allgemein

  • Dieses Quiz wurde 368 mal gespielt
  • Das Durchschnittsergebnis liegt bei 8 aus 10

Antwortstatistiken

RangFläche in km²Land% Korrekt
2697Singapur
90%
3760Bahrain
88%
45.765Brunei
88%
711.586Katar
88%
814.874Osttimor
83%
917.818Kuwait
82%
1298Malediven
69%
610.400Libanon
68%
1022.380Israel
65%
59.251Zypern
44%

Verteilung der Resultate

Perzentil nach korrekt beantworteten Fragen

Anzahl Personen mit jedem Resultat

Ihre Resultats-Entwicklung

Sie haben dieses Quiz noch nicht gespielt